000
00277nam a22001097a 4500
008
170106b xxu||||| |||| 00| 0 eng d
020
_a
9780781780605
041
_a
eng
080
_a
618.2
245
_a
LABORATORY MANUAL FOR NURSING HEALTH ASSESMENT
_c
JENSEN, SH
942
_2
udc
_c
BK
999
_c
2600
_d
2600